[Event "?"]
[Site "?"]
[Date "2021.09.11"]
[Round "1"]
[White "Елецкий, Иван.."]
[Black "Абылкасымов, Кайратбек.."]
[Result "1-0"]
[WhiteElo "2469"]
[BlackElo "1000"]
[Annotator "user"]
[PlyCount "67"]
[EventDate "2021.??.??"]

{[%evp 0,67,19,30,30,-23,-18,-19,23,16,24,12,13,2,-6,7,-13,-5,-4,-4,0,-23,2,
-23,8,15,18,33,21,17,21,17,20,26,25,19,20,16,17,28,30,35,38,52,80,69,111,98,
106,108,108,104,108,115,453,457,462,463,484,481,769,792,795,822,630,356,423,
684,847,859]} 1. Nf3 d5 2. g3 Nf6 3. Bg2 e6 4. O-O Be7 5. d4 O-O 6. c4 dxc4 7.
Qc2 a6 8. a4 Bd7 9. Qxc4 Bc6 10. Bf4 Bd6 11. Qc1 Bxf4 12. Qxf4 a5 13. Nc3 Bxf3
14. Bxf3 c6 15. Rfd1 Na6 16. e4 Nb4 17. Rd2 Qb6 18. Rad1 Rad8 19. g4 Rfe8 20.
g5 Nd7 21. h4 e5 22. dxe5 Nc5 23. Bh5 g6 24. Be2 Rxd2 25. Rxd2 Ne6 26. Qf6 Nd4
27. Bc4 Rf8 28. e6 Nxe6 29. Rd7 c5 30. Rxf7 Rxf7 31. Bxe6 Qc7 32. Nd5 Nxd5 33.
exd5 Kf8 34. Qh8+ 1-0

[Event "?"]
[Site "?"]
[Date "2021.09.11"]
[Round "1"]
[White "Камаев, Джабраил."]
[Black "Быков, Егор."]
[Result "0-1"]
[WhiteElo "1943"]
[BlackElo "2373"]
[PlyCount "102"]

1. e4 e5 2. Nf3 Nc6 3. Bb5 a6 4. Ba4 Nf6 5. O-O Be7 6. Re1 b5 7. Bb3 d6 8. c3
O-O 9. h3 Bb7 10. d4 Re8 11. Ng5 Rf8 12. Nf3 Nd7 13. Nbd2 exd4 14. cxd4 Na5 15.
Bc2 Re8 16. a4 Bf6 17. Bd3 b4 18. Nb3 c5 19. Bf4 Nxb3 20. Qxb3 Qe7 21. Bc4 Bxd4
22. Nxd4 cxd4 23. Qxb4 Nc5 24. Qb6 Qf6 25. Bg3 Rxe4 26. b4 d5 27. Qxc5 dxc4 28.
Qxc4 h5 29. Rxe4 Bxe4 30. Re1 Bb7 31. Qc7 Bc6 32. Rd1 Re8 33. Qd6 Rd8 34. Qxf6
gxf6 35. Bc7 Rd7 36. Bb6 d3 37. a5 Ba4 38. Rd2 f5 39. f4 Bc2 40. Kf2 Re7 41. g3
Re4 42. Bc5 Kg7 43. Kf3 Kf6 44. g4 hxg4+ 45. hxg4 Ke6 46. Be3 Rxb4 47. g5 Kd5
48. Rh2 Bd1+ 49. Kg3 Ke4 50. Bd2 Rb2 51. Bc1 Rxh2 0-1

[Event "?"]
[Site "?"]
[Date "2021.09.11"]
[Round "1"]
[White "Матo^нин, Владислав."]
[Black "Войниконис, Никита."]
[Result "1/2-1/2"]
[WhiteElo "1993"]
[BlackElo "2089"]
[PlyCount "110"]
[SourceVersionDate "2021.09.12"]

1. d4 Nf6 2. c4 b6 3. Nc3 Bb7 4. Nf3 e6 5. g3 d5 6. cxd5 Nxd5 7. Bg2 Nxc3 8.
bxc3 Be7 9. O-O O-O 10. Qc2 Qc8 11. e4 c5 12. d5 exd5 13. exd5 Bf6 14. Bg5 Nd7
15. Rad1 Re8 16. Bh3 Qd8 17. Qf5 Nf8 18. Bxf6 Qxf6 19. Qxf6 gxf6 20. Nh4 Rad8
21. d6 Ba6 22. d7 Nxd7 23. Rxd7 Bxf1 24. Kxf1 Rxd7 25. Bxd7 Rd8 26. Bb5 c4 27.
Ke2 Rd3 28. Bxc4 Rxc3 29. Bb3 b5 30. Kd2 Rc5 31. Ng2 Kf8 32. Nf4 a5 33. Nd3 Rc7
34. Bc2 h6 35. Nf4 Rd7+ 36. Kc3 Rc7+ 37. Kb2 Rc5 38. h4 Ke7 39. Nd3 Rc7 40. Nc1
Rd7 41. Nb3 a4 42. Nc1 Kd6 43. a3 Rc7 44. Bd3 Kc5 45. Na2 Kd4 46. Nb4 Rc3 47.
Bxb5 Rf3 48. Bxa4 Rxf2+ 49. Bc2 Rg2 50. a4 Kc4 51. Nc6 Rxg3 52. Ne7 Rh3 53. Nf5
Kb4 54. Bd1 Rh2+ 55. Bc2 Rh3 1/2-1/2

[Event "?"]
[Site "?"]
[Date "2021.09.11"]
[Round "1"]
[White "Погосян, Стефан."]
[Black "Володин, Виктор."]
[Result "1-0"]
[WhiteElo "2400"]
[BlackElo "2039"]
[PlyCount "101"]

1. Nf3 d5 2. c4 e6 3. e3 Nf6 4. b3 c6 5. Bb2 Nbd7 6. Nc3 Bd6 7. d4 O-O 8. Be2
dxc4 9. bxc4 e5 10. O-O exd4 11. exd4 Re8 12. Qc2 Nf8 13. Bd3 Bg4 14. Ne5 Bh5
15. f4 Ng4 16. Nxg4 Bxg4 17. h3 Bd7 18. f5 Qh4 19. Ne4 Bc7 20. Bc3 Qd8 21. Rae1
Ba5 22. Bxa5 Qxa5 23. Qf2 f6 24. c5 b5 25. cxb6 axb6 26. Nxf6+ gxf6 27. Qg3+
Kh8 28. Bc4 Be6 29. fxe6 Qg5 30. Qf2 Ng6 31. Re4 f5 32. Qxf5 Qxf5 33. Rxf5 Ra7
34. Kf2 Rae7 35. Ke3 Kg7 36. Rf7+ Kh6 37. Bb3 Kg5 38. g3 h5 39. h4+ Kh6 40. Kd3
Rd8 41. a4 Rde8 42. Re3 Rd8 43. Ke4 Rde8 44. Ref3 Rxe6+ 45. Bxe6 Rxe6+ 46. Kd3
Re1 47. R3f6 Rd1+ 48. Ke3 Re1+ 49. Kf2 Re4 50. Rxc6 b5 51. Rff6 1-0

[Event "?"]
[Site "?"]
[Date "2021.09.11"]
[Round "1"]
[White "Коршунов, Сергей."]
[Black "Кухмазов, Арсен."]
[Result "0-1"]
[WhiteElo "2022"]
[BlackElo "2472"]
[PlyCount "72"]

1. e4 c6 2. Nc3 d5 3. Nf3 dxe4 4. Nxe4 Nf6 5. Nxf6+ exf6 6. Bc4 Bd6 7. Qe2+ Qe7
8. Qxe7+ Kxe7 9. O-O Rd8 10. d4 a5 11. a4 Na6 12. Re1+ Kf8 13. Bxa6 Rxa6 14.
Nd2 Bf5 15. Ne4 Bc7 16. c3 Raa8 17. Ng3 Be6 18. Be3 h6 19. Ne4 b6 20. g3 f5 21.
Nd2 b5 22. axb5 cxb5 23. Bf4 Bxf4 24. gxf4 a4 25. Re5 b4 26. Rb5 bxc3 27. bxc3
a3 28. Kf1 a2 29. Rb2 Ra3 30. Rc2 Ke7 31. Ke2 Kf6 32. Kd3 Rc8 33. Rcc1 Bd5 34.
Nf1 Be4+ 35. Kd2 Rb8 36. Ke1 Rb1 0-1

[Event "?"]
[Site "?"]
[Date "2021.09.11"]
[Round "1"]
[White "Гухман, Сергей."]
[Black "Клo^кин, Кирилл."]
[Result "0-1"]
[WhiteElo "1915"]
[BlackElo "2366"]
[PlyCount "62"]

1. d4 Nf6 2. c4 g6 3. Nc3 Bg7 4. e4 d6 5. Nf3 O-O 6. Be2 Na6 7. O-O e5 8. Be3
Ng4 9. Bg5 Qe8 10. Re1 c6 11. dxe5 dxe5 12. h3 f6 13. Bd2 Nh6 14. a3 Nf7 15. b4
Qe7 16. c5 Nc7 17. Be3 Be6 18. Nd2 f5 19. exf5 gxf5 20. Nc4 Rad8 21. Qc2 f4 22.
Bd2 f3 23. Bd3 fxg2 24. Ne4 Nd5 25. Ncd6 Qh4 26. Ng3 Nxd6 27. cxd6 Rxf2 28. Nf5
Bxf5 29. Bxf5 Qd4 30. Bc3 Rf1+ 31. Kxg2 Qg1# 0-1

[Event "?"]
[Site "?"]
[Date "2021.09.11"]
[Round "1"]
[White "Смирнов, Тимофей."]
[Black "Ильина, Лада."]
[Result "1-0"]
[WhiteElo "2410"]
[BlackElo "1889"]
[PlyCount "59"]

1. e4 e6 2. d4 d5 3. Nc3 Nf6 4. e5 Nfd7 5. f4 c5 6. Nf3 Nc6 7. Be3 a6 8. Qd2
Be7 9. g3 b6 10. Bg2 Bb7 11. O-O Na5 12. b3 Rc8 13. Ne2 O-O 14. c3 b5 15. Qe1
b4 16. dxc5 bxc3 17. b4 Nc4 18. Qxc3 a5 19. a3 Nb8 20. Ned4 Nc6 21. Nxc6 Bxc6
22. Nd4 Qd7 23. f5 exf5 24. Nxf5 Qb7 25. Bd4 axb4 26. axb4 Ra8 27. b5 Rxa1 28.
Rxa1 Bxb5 29. Bxd5 Qd7 30. Nxe7+ 1-0

[Event "?"]
[Site "?"]
[Date "2021.09.11"]
[Round "1"]
[White "Захарцов, Владимир."]
[Black "Кишиев, Фамил."]
[Result "1-0"]
[WhiteElo "2506"]
[BlackElo "1861"]
[PlyCount "115"]

1. c4 Nf6 2. Nc3 g6 3. e4 d6 4. d4 Nbd7 5. Be3 e5 6. d5 Bg7 7. Be2 a6 8. h4 h5
9. f3 Rb8 10. Nh3 Nh7 11. Ng5 Nxg5 12. hxg5 Nf8 13. Qd2 Bd7 14. b4 f5 15. gxf6
Qxf6 16. O-O-O Nh7 17. g4 hxg4 18. fxg4 O-O 19. Rh2 Rf7 20. Rdh1 Bf8 21. g5 Qe7
22. Nd1 b5 23. c5 dxc5 24. bxc5 b4 25. Bc4 Qe8 26. c6 Bc8 27. d6 Be6 28. d7 Qe7
29. Bxe6 Qxe6 30. d8=Q Rxd8 31. Qxd8 Qxc6+ 32. Rc2 Qxe4 33. Re1 c6 34. Bd2 Qf5
35. Rxc6 Rd7 36. Qe8 Rf7 37. Qxe5 Qd3 38. Re3 Qf1 39. Rxg6+ Bg7 40. Qd5 Nf8 41.
Rc6 Kh7 42. Qd3+ Qxd3 43. Rxd3 a5 44. g6+ Nxg6 45. Rh3+ Kg8 46. Rxg6 Rc7+ 47.
Kb1 Kf7 48. Rg2 Ke6 49. Rh7 Be5 50. Rxc7 Bxc7 51. Ne3 Kd6 52. Kc2 Kc5 53. Kb3
Kb5 54. Rg5+ Ka6 55. Nc4 Bd8 56. Rc5 Bh4 57. Rxa5+ Kb7 58. Bxb4 1-0

[Event "?"]
[Site "?"]
[Date "2021.09.11"]
[Round "1"]
[White "Гильфанов, Марат."]
[Black "Козионов, Кирилл."]
[Result "0-1"]
[WhiteElo "1851"]
[BlackElo "2438"]
[PlyCount "84"]

1. e4 c5 2. Nf3 d6 3. d4 cxd4 4. Nxd4 Nf6 5. Nc3 a6 6. f3 e5 7. Nb3 Be6 8. Be3
h5 9. Qd2 Nbd7 10. O-O-O Be7 11. Be2 Rc8 12. Kb1 b5 13. a3 Nb6 14. Rhg1 Qc7 15.
g4 hxg4 16. Bxb6 Qxb6 17. fxg4 g6 18. g5 Nh5 19. Bxh5 Rxh5 20. Rdf1 Qd8 21. h4
Rxh4 22. Rf2 Rh5 23. Rh2 Rxh2 24. Qxh2 Bxg5 25. Rd1 Qc7 26. Nd5 Bxd5 27. Rxd5
Ke7 28. Qe2 Rh8 29. Qg4 Bf4 30. Qd1 Rh2 31. Na1 Qc6 32. c3 Qc4 33. Rxd6 Qxe4+
34. Ka2 Qe2 35. Rd7+ Kf6 36. Rxf7+ Kxf7 37. Qd7+ Kf8 38. Qd8+ Kg7 39. Qe7+ Kh6
40. Qf8+ Kh5 41. Qh8+ Kg4 42. Qc8+ Kg3 0-1

[Event "?"]
[Site "?"]
[Date "2021.09.11"]
[Round "1"]
[White "Двалишвили, Павел."]
[Black "Мирзоян, Самвел."]
[Result "1-0"]
[WhiteElo "2400"]
[BlackElo "1829"]
[PlyCount "96"]

1. e4 c6 2. d4 d5 3. e5 Bf5 4. c4 e6 5. Nc3 Bb4 6. Qb3 Qa5 7. a3 Bxc3+ 8. Qxc3
Qxc3+ 9. bxc3 Ne7 10. a4 Nd7 11. Ba3 c5 12. Nf3 Rc8 13. cxd5 Nxd5 14. dxc5 Nxc3
15. Rc1 Ne4 16. Bb5 a6 17. Bxd7+ Kxd7 18. Nd4 Rhd8 19. f3 Ng5 20. h4 Nxf3+ 21.
gxf3 Bg6 22. h5 Bd3 23. Rd1 Bc4 24. Nb5+ Bd5 25. Nc3 Kc6 26. Kf2 Bb3 27. Rd6+
Rxd6 28. exd6 b5 29. axb5+ axb5 30. Rb1 Bc4 31. Bb4 Ra8 32. Ke3 Ra7 33. Rg1 g6
34. hxg6 fxg6 35. f4 Ra8 36. Rd1 Bb3 37. Rd2 Ra7 38. Ne2 Bd5 39. Nd4+ Kd7 40.
Rc2 Bc6 41. Nxc6 Kxc6 42. Rd2 h5 43. Ke4 Rf7 44. Ra2 h4 45. Ra6+ Kb7 46. c6+
Kxa6 47. d7 h3 48. d8=Q h2 1-0

[Event "?"]
[Site "?"]
[Date "2021.09.11"]
[Round "1"]
[White "Пани~~кин, Алексей."]
[Black "Садовский, Артем."]
[Result "0-1"]
[WhiteElo "1700"]
[BlackElo "2215"]
[PlyCount "66"]

1. e4 g6 2. d4 Bg7 3. c4 d6 4. Nc3 e5 5. d5 f5 6. exf5 gxf5 7. Qh5+ Kf8 8. Bg5
Nf6 9. Bxf6 Qxf6 10. Nf3 Bd7 11. g4 Qg6 12. Qh4 fxg4 13. Qd8+ Qe8 14. Qxc7 gxf3
15. Qxb7 Na6 16. Qxa6 Qg6 17. Qb7 Ke7 18. Bh3 Rad8 19. Qxa7 Bh6 20. Bxd7 Rxd7
21. Qa4 Rg8 22. Rf1 Qf5 23. h3 Rb7 24. c5 Rxb2 25. cxd6+ Kf7 26. Qa7+ Kg6 27.
Rg1+ Kh5 28. Rxg8 Bd2+ 29. Kf1 Bxc3 30. Kg1 Bd4 31. Qa3 Bxf2+ 32. Kh2 Bg3+ 33.
Kg1 Qb1+ 0-1

[Event "?"]
[Site "?"]
[Date "2021.09.11"]
[Round "1"]
[White "Переверзев, Тимофей."]
[Black "Гурви~~, Виталий."]
[Result "0-1"]
[WhiteElo "1852"]
[BlackElo "2253"]
[PlyCount "48"]

1. Nf3 Nf6 2. g3 g6 3. b4 Bg7 4. Bb2 c6 5. Bg2 Qb6 6. a3 a5 7. c3 d6 8. d3 O-O
9. Nbd2 Ng4 10. O-O d5 11. h3 Ne5 12. Qc2 Na6 13. Nb3 Nxf3+ 14. exf3 axb4 15.
axb4 d4 16. Qd2 dxc3 17. Bxc3 Bxc3 18. Qxc3 Be6 19. Nc5 Nc7 20. f4 Rfd8 21. g4
Bd5 22. Ne4 Ne6 23. f5 Nf4 24. f6 Ne2+ 0-1

[Event "?"]
[Site "?"]
[Date "2021.09.11"]
[Round "1"]
[White "Худяков, Станислав."]
[Black "Якушков, Павел."]
[Result "1-0"]
[WhiteElo "2284"]
[BlackElo "1811"]
[PlyCount "63"]

1. d4 d5 2. c4 e6 3. Nc3 Nf6 4. cxd5 exd5 5. Bg5 c6 6. Qc2 Nbd7 7. e3 h6 8. Bh4
Be7 9. Bd3 Nh5 10. Bxe7 Qxe7 11. Nge2 Nhf6 12. O-O O-O 13. Rab1 a5 14. Ng3 Nb6
15. Rfe1 Be6 16. Qb3 Qb4 17. Qd1 Qd6 18. a3 Rfd8 19. h3 Qd7 20. b4 Nc4 21. Bxc4
dxc4 22. Na4 Qc7 23. Nc5 Bc8 24. Qc2 b6 25. Nce4 Nxe4 26. Nxe4 Be6 27. b5 Bd5
28. Nc3 Rd6 29. e4 Be6 30. bxc6 Rf8 31. d5 Bc8 32. Nb5 1-0

[Event "?"]
[Site "?"]
[Date "2021.09.11"]
[Round "1"]
[White "Макаренко, Кирилл."]
[Black "Крылов, Алексей."]
[Result "0-1"]
[WhiteElo "1821"]
[BlackElo "2065"]
[PlyCount "68"]

1. d4 Nf6 2. c4 e6 3. Nc3 Bb4 4. Bd2 O-O 5. Nf3 d5 6. e3 a6 7. a3 Bxc3 8. Bxc3
Ne4 9. Qc2 Nd7 10. Bd3 Nxc3 11. Qxc3 dxc4 12. Bxc4 c5 13. O-O b5 14. Be2 Qb6
15. dxc5 Nxc5 16. Rac1 Na4 17. Qb4 Qb8 18. Nd4 Bb7 19. Nc6 Bxc6 20. Rxc6 Rc8
21. Rxc8+ Qxc8 22. b3 Nc3 23. Bf3 a5 24. Qd4 Qc7 25. b4 Rd8 26. Qc5 Qxc5 27.
bxc5 Kf8 28. Rc1 b4 29. axb4 axb4 30. c6 Ke7 31. Rc2 Kd6 32. Rd2+ Kc7 33. Rb2
Rb8 34. g3 b3 0-1

[Event "?"]
[Site "?"]
[Date "2021.09.11"]
[Round "1"]
[White "Арбузов, Михаил."]
[Black "Королев, Кирилл."]
[Result "1-0"]
[WhiteElo "2183"]
[BlackElo "1888"]
[PlyCount "93"]

1. d4 Nf6 2. c4 e6 3. Nc3 Bb4 4. e3 O-O 5. Nge2 d5 6. a3 Be7 7. cxd5 Nxd5 8. e4
Nxc3 9. bxc3 c5 10. g3 b6 11. Bg2 Bb7 12. d5 exd5 13. exd5 Bf6 14. O-O b5 15.
Rb1 Qa5 16. c4 a6 17. Qb3 Nd7 18. Bb2 Rfe8 19. Bc3 Qc7 20. Bxf6 Nxf6 21. Nc3
Rac8 22. cxb5 c4 23. Qa4 Qe5 24. bxa6 Bxd5 25. Nxd5 Nxd5 26. Rb5 Red8 27. Rd1
c3 28. Rbxd5 Rxd5 29. Rxd5 Qe1+ 30. Bf1 Qe7 31. Rd7 Qc5 32. a7 c2 33. a8=Q c1=Q
34. Rd8+ Rxd8 35. Qxd8+ Qf8 36. Qxf8+ Kxf8 37. Qa8+ Ke7 38. a4 h5 39. a5 h4 40.
a6 Kf6 41. a7 g5 42. Qf3+ Kg7 43. a8=Q h3 44. Qad5 f6 45. Qd7+ Kg6 46. Qff5+
Kh6 47. Qdh7# 1-0

[Event "?"]
[Site "?"]
[Date "2021.09.11"]
[Round "1"]
[White "Губайдуллин"]
[Black "Рататаев, Илья."]
[Result "1-0"]
[WhiteElo "2298"]
[BlackElo "1835"]
[PlyCount "29"]

1. d4 Nf6 2. Nf3 e6 3. Bf4 c5 4. e3 Nc6 5. c3 d5 6. Nbd2 Be7 7. Bd3 O-O 8. Ne5
Nxe5 9. dxe5 Nd7 10. h4 f6 11. Qh5 g6 12. Bxg6 hxg6 13. Qxg6+ Kh8 14. Rh3 Nxe5
15. Qh5+ 1-0

[Event "?"]
[Site "?"]
[Date "2021.09.11"]
[Round "1"]
[White "Ëo^цингер, Ирен."]
[Black "Ростовцев, Дмитрий."]
[Result "0-1"]
[WhiteElo "1779"]
[BlackElo "2124"]
[PlyCount "96"]

1. d4 Nf6 2. Bg5 e6 3. e4 h6 4. Bxf6 Qxf6 5. c3 d6 6. Bc4 g6 7. Ne2 Bg7 8. O-O
O-O 9. f4 Qe7 10. Nd2 Nd7 11. Nf3 b6 12. Qc2 Bb7 13. Rae1 c5 14. Ng3 cxd4 15.
cxd4 Rac8 16. Qd3 Kh7 17. f5 e5 18. d5 h5 19. h4 Bh6 20. b3 Rc7 21. a4 Rfc8 22.
Qe2 Bf4 23. Qf2 Nc5 24. Re2 Ba6 25. Bxa6 Nxa6 26. Ree1 Nc5 27. Rd1 Nxb3 28. Ne2
Rc2 29. Ng5+ Bxg5 30. hxg5 Qxg5 31. fxg6+ fxg6 32. Rd3 Nd4 33. Re3 Kh6 34. Re1
Nxe2+ 35. R3xe2 Rxe2 36. Qxe2 Rc3 37. Qf2 Qf4 38. Qe2 h4 39. Rf1 Qe3+ 40. Qxe3+
Rxe3 41. Rf6 Rxe4 42. Rxd6 Rxa4 43. Rd8 Rd4 44. d6 Kg7 45. d7 Kf7 46. Rh8 Rxd7
47. Rh7+ Ke6 48. Rxd7 Kxd7 0-1

[Event "?"]
[Site "?"]
[Date "2021.09.11"]
[Round "1"]
[White "Тер-Саакян, Григорий."]
[Black "Афинеевский, Илья."]
[Result "1-0"]
[WhiteElo "2191"]
[BlackElo "1643"]
[PlyCount "61"]

1. d4 Nf6 2. Nf3 c5 3. e3 cxd4 4. exd4 d5 5. Bd3 e6 6. Bf4 Bd6 7. Bxd6 Qxd6 8.
c3 Nc6 9. O-O O-O 10. Re1 Rb8 11. a4 Re8 12. Ne5 h6 13. Nd2 Nd7 14. f4 f6 15.
Qh5 Qe7 16. Nxd7 Qxd7 17. Nf3 Rd8 18. Re3 f5 19. Bb5 Qd6 20. Bxc6 Qxf4 21. Rd3
bxc6 22. Ne5 Rxb2 23. Qf7+ Kh7 24. Rg3 Qf2+ 25. Kh1 Qxg3 26. hxg3 Bb7 27. Qg6+
Kg8 28. Qxe6+ Kh7 29. Qxf5+ Kg8 30. Rf1 c5 31. Qe6+ 1-0

[Event "?"]
[Site "?"]
[Date "2021.09.11"]
[Round "1"]
[White "Желнерови~~, Матвей."]
[Black "Петрова, Елизавета."]
[Result "0-1"]
[WhiteElo "1618"]
[BlackElo "1835"]
[PlyCount "86"]

1. e4 c6 2. d4 d5 3. Nc3 dxe4 4. Nxe4 Bf5 5. Ng3 Bg6 6. N1e2 h6 7. Nf4 Bh7 8.
c3 e6 9. Bd3 Bxd3 10. Qxd3 Nf6 11. Bd2 Na6 12. O-O-O Qd7 13. Rhe1 O-O-O 14. Kb1
Nc7 15. Bc1 Bd6 16. Ne4 Nxe4 17. Qxe4 g5 18. Nd3 f5 19. Qe2 Qg7 20. g3 Qf6 21.
f4 g4 22. b3 Rh7 23. Bb2 Qf8 24. b4 h5 25. a3 h4 26. c4 Re8 27. c5 Be7 28. a4
Bf6 29. Bc3 Nd5 30. Qd2 Qh8 31. Nb2 Bd8 32. Nc4 Bc7 33. Re2 hxg3 34. hxg3 Rh3
35. Qe1 Kd7 36. Bb2 Qh6 37. b5 Rh8 38. bxc6+ bxc6 39. Ka2 Rb8 40. Ne5+ Bxe5 41.
Rxe5 Rh2 42. Rd2 Nb4+ 43. Kb1 Rh1 0-1

[Event "?"]
[Site "?"]
[Date "2021.09.11"]
[Round "1"]
[White "Ратников, Михаил."]
[Black "Богаудинов, Рушан."]
[Result "0-1"]
[WhiteElo "1939"]
[BlackElo "2027"]
[PlyCount "70"]

1. e4 e5 2. Nf3 Nc6 3. Nc3 Nf6 4. Bb5 d6 5. d4 exd4 6. Nxd4 Bd7 7. O-O Be7 8.
Re1 O-O 9. Nxc6 bxc6 10. Bc4 Re8 11. e5 dxe5 12. Rxe5 Bd6 13. Rxe8+ Qxe8 14. g3
Bg4 15. Be2 h5 16. Bg5 Bxe2 17. Qxe2 Qxe2 18. Nxe2 Be5 19. c3 Ne4 20. Be3 a5
21. b3 a4 22. Rb1 axb3 23. axb3 Ra2 24. Nd4 Nxc3 25. Re1 Bxd4 26. Bxd4 Ne2+ 27.
Rxe2 Rxe2 28. Kf1 Rd2 29. Bc5 Rb2 30. b4 f6 31. Kg2 Kf7 32. Kf3 Ke6 33. Ke4 Rc2
34. h4 Rc4+ 35. Kd3 Rxc5 0-1

[Event "?"]
[Site "?"]
[Date "2021.09.11"]
[Round "1"]
[White "Семены~~ев, Александр."]
[Black "Хлыповка, Степан."]
[Result "1-0"]
[WhiteElo "2124"]
[BlackElo "1725"]
[PlyCount "65"]

1. e4 c6 2. d4 d5 3. exd5 cxd5 4. c4 Nf6 5. Nc3 Nc6 6. Bf4 e6 7. c5 a6 8. a3 b6
9. b4 Bb7 10. Nf3 Be7 11. Bd3 O-O 12. O-O Nd7 13. Re1 Bf6 14. Na4 b5 15. Nc3
Re8 16. Ra2 g6 17. Bb1 Rc8 18. Rae2 Na7 19. Ba2 Nb8 20. a4 Bc6 21. Qd2 bxa4 22.
Ne5 Bb5 23. Re3 Nbc6 24. Rf3 Nxe5 25. dxe5 Be7 26. Bh6 Qd7 27. Nxd5 exd5 28.
Bxd5 Bf8 29. Bxf8 Re6 30. Bd6 Rce8 31. Qh6 Bc6 32. Bxe6 Rxe6 33. Qf8# 1-0

[Event "?"]
[Site "?"]
[Date "2021.09.11"]
[Round "1"]
[White "Архипов, Александр."]
[Black "Теникашвили, Георгий."]
[Result "0-1"]
[WhiteElo "1613"]
[BlackElo "2341"]
[PlyCount "90"]

1. d4 d5 2. Nf3 Nf6 3. Bf4 c5 4. c3 Nc6 5. e3 Qb6 6. Qc2 g6 7. Nbd2 Bg7 8. h3
Bf5 9. Qc1 O-O 10. Ne5 Rac8 11. dxc5 Qxc5 12. Nb3 Qb6 13. Nxc6 bxc6 14. Be2 Ne4
15. f3 Nd6 16. O-O a5 17. Kh1 Rb8 18. g4 Bd7 19. Rb1 a4 20. Bxd6 exd6 21. Nd4
Rfe8 22. Qd2 Qd8 23. b3 axb3 24. axb3 Qe7 25. Nc2 Qe5 26. c4 Qg3 27. Bd3 Qxh3+
28. Qh2 Qxh2+ 29. Kxh2 dxc4 30. bxc4 d5 31. cxd5 cxd5 32. e4 Rxb1 33. Rxb1 dxe4
34. Bxe4 Bxg4 35. fxg4 Rxe4 36. Kh3 Be5 37. Re1 Rxe1 38. Nxe1 Kg7 39. Nf3 Bf4
40. Kh4 h6 41. Ng1 Kf6 42. Nh3 Ke5 43. Nf2 Bd2 44. Nd3+ Kd4 45. Nf2 Be1 0-1

[Event "?"]
[Site "?"]
[Date "2021.09.11"]
[Round "1"]
[White "Арутo^нова, o/oлия."]
[Black "Хлыповка, Лада."]
[Result "0-1"]
[WhiteElo "1771"]
[BlackElo "1555"]
[PlyCount "150"]

1. b3 Nf6 2. Bb2 d5 3. e3 c5 4. d4 Nc6 5. Nf3 Bg4 6. Be2 e6 7. O-O Bd6 8. c4
O-O 9. Nc3 a6 10. Rc1 cxd4 11. exd4 Bf4 12. Rb1 Ne4 13. cxd5 Nxc3 14. Bxc3 exd5
15. h3 Bf5 16. Bd3 Qd7 17. Bxf5 Qxf5 18. Re1 Rfe8 19. Rb2 Rxe1+ 20. Qxe1 g5 21.
Re2 g4 22. hxg4 Qxg4 23. Ne5 Nxe5 24. dxe5 Rc8 25. Bb2 Rc6 26. g3 Qh3 27. Qf1
Qg4 28. Ba3 Rh6 29. Re1 Rh3 30. Qe2 Qg6 31. e6 fxe6 32. Qxe6+ Qxe6 33. Rxe6 Bg5
34. Re5 Bf6 35. Rxd5 Rh6 36. Rd7 b5 37. Ra7 Bd4 38. Rd7 Bc3 39. Rd8+ Kf7 40.
Rf8+ Ke6 41. Rc8 Bg7 42. Rc6+ Kf5 43. Rc7 Bd4 44. Kg2 Ke4 45. Rg7 Kd3 46. Rd7
Kc3 47. Rc7+ Kd3 48. Bc1 Rf6 49. Bf4 h6 50. Rd7 Kc3 51. Rd5 Re6 52. Kf3 h5 53.
Rxh5 Kb2 54. Rd5 Bc3 55. Bd2 b4 56. g4 Kxa2 57. g5 Kxb3 58. Kf4 Kc4 59. Rd8
Bxd2+ 60. Rxd2 b3 61. Kf5 Re8 62. g6 a5 63. g7 a4 64. Re2 Rb8 65. Re4+ Kc3 66.
Re3+ Kd2 67. Rg3 b2 68. Rg1 Kc2 69. Kf6 b1=Q 70. Rxb1 Kxb1 71. f4 a3 72. Kf7 a2
73. g8=Q Rxg8 74. Kxg8 a1=Q 75. f5 Qf6 0-1

[Event "?"]
[Site "?"]
[Date "2021.09.11"]
[Round "1"]
[White "Скворцов, Андрей."]
[Black "Финкельштейн, Александр."]
[Result "1-0"]
[WhiteElo "2136"]
[BlackElo "1855"]
[PlyCount "135"]

1. e4 e6 2. d4 d5 3. Nc3 dxe4 4. Nxe4 Nd7 5. Nf3 Ngf6 6. Nxf6+ Nxf6 7. Bg5 Be7
8. Bd3 b6 9. Qe2 Bb7 10. Bb5+ c6 11. Bd3 O-O 12. O-O Qd6 13. Rad1 c5 14. dxc5
Qxc5 15. Be3 Qc7 16. Bd4 Rfd8 17. Be5 Qc6 18. Rfe1 a6 19. c3 Nd7 20. Bd4 Bf6
21. Be4 Qxe4 22. Qxe4 Bxe4 23. Rxe4 Nc5 24. Ree1 Bxd4 25. Rxd4 Rxd4 26. Nxd4
Rd8 27. g3 g5 28. Kg2 Rd6 29. Re3 Na4 30. Re2 b5 31. Rc2 Nb6 32. b3 Kf8 33. h3
Ke8 34. Nf3 h6 35. Kf1 f6 36. Ke2 e5 37. Nd2 Nd7 38. c4 bxc4 39. Ne4 Rd4 40.
Rxc4 Rxc4 41. bxc4 Ke7 42. g4 Nf8 43. Nc5 a5 44. Ke3 Ng6 45. a4 Kd6 46. Nb7+
Kc6 47. Nxa5+ Kc5 48. Nb7+ Kxc4 49. Nd6+ Kb4 50. Nf5 Kxa4 51. Nxh6 Ne7 52. Ke4
Kb4 53. Nf5 Ng6 54. Ne3 Kc5 55. Nd5 Kd6 56. Nxf6 Nf4 57. Kf5 Nxh3 58. f3 Ng1
59. Ne4+ Kd5 60. Nxg5 Ne2 61. Kg6 Ng1 62. Kf6 Kd4 63. Ne6+ Ke3 64. g5 Nh3 65.
g6 Nf4 66. Nxf4 exf4 67. g7 Kxf3 68. g8=Q 1-0

[Event "?"]
[Site "?"]
[Date "2021.09.11"]
[Round "1"]
[White "Задорожный, Егор."]
[Black "><ибух~~ян, Эрик."]
[Result "0-1"]
[WhiteElo "1641"]
[BlackElo "2215"]
[PlyCount "102"]

1. d4 Nf6 2. Bg5 e6 3. e4 h6 4. Bxf6 Qxf6 5. Nf3 d6 6. Bd3 Nd7 7. Nbd2 g6 8.
O-O Bg7 9. c4 O-O 10. Rb1 e5 11. d5 a5 12. a3 a4 13. b4 axb3 14. Qxb3 Nc5 15.
Qc3 Bd7 16. Bc2 Qe7 17. Ne1 f5 18. f3 f4 19. Nd3 Nxd3 20. Bxd3 b6 21. c5 bxc5
22. Bb5 Bc8 23. Bc6 Ra7 24. Rb8 g5 25. Rfb1 h5 26. Bb7 Bxb7 27. R1xb7 Rxb8 28.
Rxb8+ Kh7 29. Nc4 g4 30. Rb1 Qg5 31. Kh1 Qg6 32. Qd3 Bf6 33. Qe2 Kh6 34. Rb8
Qg5 35. Rb3 Qh4 36. Rb1 Ra4 37. Qf1 Bg7 38. Qe2 Bf6 39. Qf1 Be7 40. Qe2 gxf3
41. gxf3 Qh3 42. Rc1 Bh4 43. Rf1 Bg3 44. Rc1 Bxh2 45. Qxh2 Qxf3+ 46. Qg2 Qg4
47. Kh2 Ra8 48. Qf2 f3 49. Qg3 Qxe4 50. Rg1 Rg8 51. Qxg8 Qh4# 0-1

[Event "?"]
[Site "?"]
[Date "2021.09.11"]
[Round "1"]
[White "Шведова, Александра."]
[Black "Шогджиев, Роман."]
[Result "1-0"]
[WhiteElo "2049"]
[BlackElo "1664"]
[PlyCount "107"]

1. e4 c5 2. Ne2 d6 3. g3 d5 4. Bg2 dxe4 5. Nbc3 Nf6 6. Nxe4 Nxe4 7. Bxe4 g6 8.
c3 Bg7 9. d4 cxd4 10. cxd4 O-O 11. O-O Nd7 12. Nc3 Nf6 13. Bg2 Bg4 14. Qa4 Qb6
15. d5 e6 16. Be3 Qxb2 17. Bd4 Nxd5 18. Bxg7 Kxg7 19. Nxd5 Be2 20. Rfb1 Qe5 21.
Nf4 Ba6 22. Re1 Qf6 23. Rab1 e5 24. Nd5 Qd6 25. Nb4 Rab8 26. Rbd1 Qf6 27. Nxa6
bxa6 28. Qc6 Rb6 29. Qxf6+ Kxf6 30. Rd7 Rb2 31. Rd6+ Kg7 32. Rxa6 Rc8 33. Bd5
Rcc2 34. Rf1 Rd2 35. Bb3 e4 36. Rxa7 e3 37. Rxf7+ Kh6 38. Re7 Rxf2 39. Rxf2
exf2+ 40. Kf1 Kg5 41. Re2 Rb1+ 42. Kxf2 Kg4 43. Kg2 h5 44. h4 Kf5 45. Bc2+ Kf6
46. Bxb1 Kf7 47. a4 g5 48. a5 gxh4 49. a6 hxg3 50. a7 h4 51. a8=Q h3+ 52. Kxg3
h2 53. Qe8+ Kf6 54. Qg6# 1-0

[Event "?"]
[Site "?"]
[Date "2021.09.11"]
[Round "1"]
[White "Медведев, Федор."]
[Black "Струкова, Ксения."]
[Result "0-1"]
[WhiteElo "1557"]
[BlackElo "1984"]
[PlyCount "60"]

1. e4 c5 2. Nf3 Nc6 3. d4 cxd4 4. Nxd4 Qb6 5. c3 Nf6 6. Nxc6 dxc6 7. Qc2 e5 8.
Bc4 Bc5 9. b4 Be7 10. Be3 Qc7 11. h3 b5 12. Be2 a5 13. O-O O-O 14. a4 Be6 15.
axb5 cxb5 16. bxa5 Rxa5 17. Nd2 Rc8 18. Nf3 b4 19. c4 Bc5 20. Bd2 Rxa1 21. Rxa1
Qb6 22. Be1 Rb8 23. Bd3 Nh5 24. Rb1 Nf4 25. Nxe5 Qd6 26. g3 Nxh3+ 27. Kh2 Qxe5
28. f4 Qd4 29. Bc3 Qf2+ 30. Qxf2 Nxf2 0-1

[Event "?"]
[Site "?"]
[Date "2021.09.11"]
[Round "1"]
[White "Федосов, Александр."]
[Black "Усков, Артем."]
[Result "0-1"]
[WhiteElo "1834"]
[BlackElo "2100"]
[PlyCount "96"]

1. d4 Nf6 2. Nf3 g6 3. g3 Bg7 4. Bg2 O-O 5. O-O d6 6. Nc3 Nbd7 7. e4 c5 8. e5
Ne8 9. exd6 Nxd6 10. Re1 Re8 11. dxc5 Nxc5 12. Be3 Ne6 13. Qe2 Qa5 14. Rad1 Bd7
15. Nd4 Rac8 16. Nb3 Qc7 17. Nd5 Qxc2 18. Rd2 Qc4 19. Nxe7+ Rxe7 20. Rxd6 Qa4
21. Red1 Bb5 22. Qd2 Qxa2 23. Qb4 Qa4 24. Rd8+ Re8 25. Rxe8+ Rxe8 26. Qa3 Qxa3
27. bxa3 Ba4 28. Rd3 b6 29. Nd2 Rc8 30. Ne4 Bb2 31. h4 h5 32. Bf3 Rd8 33. Rxd8+
Nxd8 34. Nd6 Bxa3 35. Nc8 Bc5 36. Nxa7 Bxe3 37. fxe3 Bd7 38. Be2 Kf8 39. Bb5
Ke7 40. Kf2 Nb7 41. Bxd7 Kxd7 42. Nb5 Nd6 43. Nc3 b5 44. Ke2 Ke6 45. Kd3 Ke5
46. Ne2 Nf5 47. e4 Nd6 48. Nd4 Nxe4 0-1